000
00339pab a2200145 454500
008
180718b1995 xxu||||| |||| 00| 0 eng d
100
_a
Vohra, B.B.
245
_a
Some thoughts on water management
260
_c
1995
300
_a
p.43-44
362
_a
Annual
650
_a
Water supply - India
773
_a
Mainstream
909
_a
30100
999
_c
30100
_d
30100